Oriental and western Siberia. (Record no. 328838)

000 -LEADER
fixed length control field 00879cam a2200277 4500
001 - CONTROL NUMBER
control field 1274181
003 - CONTROL NUMBER IDENTIFIER
control field Nust
005 - DATE AND TIME OF LATEST TRANSACTION
control field 20170417170328.0
008 - FIXED-LENGTH DATA ELEMENTS--GENERAL INFORMATION
fixed length control field 710212r19701858nyuabc 001 0 eng
010 ## - LIBRARY OF CONGRESS CONTROL NUMBER
LC control number 75115504
020 ## - INTERNATIONAL STANDARD BOOK NUMBER
International Standard Book Number 0405030029
040 ## - CATALOGING SOURCE
Original cataloging agency DLC
Transcribing agency DLC
Modifying agency DLC
043 ## - GEOGRAPHIC AREA CODE
Geographic area code e-urs--
-- ac-----
-- e-ur-kg
050 00 - LIBRARY OF CONGRESS CALL NUMBER
Classification number DK755
Item number .A77 1970b
082 00 - DEWEY DECIMAL CLASSIFICATION NUMBER
Classification number 915.70437
Author Mark ATK
100 1# - MAIN ENTRY--PERSONAL NAME
Personal name Atkinson, Thomas Witlam,
Dates associated with a name 1799-1861.
245 10 - TITLE STATEMENT
Title Oriental and western Siberia.
260 ## - PUBLICATION, DISTRIBUTION, ETC.
Place of publication, distribution, etc. New York,
Name of publisher, distributor, etc. Arno Press,
Date of publication, distribution, etc. 1970.
300 ## - PHYSICAL DESCRIPTION
Extent xvi, 533 p.
Other physical details illus., map, group ports.
Dimensions 24 cm.
490 0# - SERIES STATEMENT
Series statement Russia observed
500 ## - GENERAL NOTE
General note Reprint of the 1858 ed.
651 #0 - SUBJECT ADDED ENTRY--GEOGRAPHIC NAME
Geographic name Siberia (Russia)
General subdivision Description and travel.
651 #0 - SUBJECT ADDED ENTRY--GEOGRAPHIC NAME
Geographic name Asia, Central
General subdivision Description and travel.
651 #0 - SUBJECT ADDED ENTRY--GEOGRAPHIC NAME
Geographic name Kyrgyz.
906 ## - LOCAL DATA ELEMENT F, LDF (RLIN)
a 7
b cbc
c orignew
d 2
e ncip
f 19
g y-gencatlg
942 ## - ADDED ENTRY ELEMENTS (KOHA)
Source of classification or shelving scheme
Koha item type Book
Holdings
Withdrawn status Lost status Source of classification or shelving scheme Damaged status Not for loan Permanent Location Current Location Date acquired Total Checkouts Full call number Barcode Date last seen Price effective from Koha item type
          School of Civil and Environmental Engineering (SCEE) School of Civil and Environmental Engineering (SCEE) 04/17/2017   915.70437 ATK NIT-9068 04/17/2017 04/17/2017 Book
© 2023 Central Library, National University of Sciences and Technology. All Rights Reserved.